[Event "Belgrade Serbia op"]
[Site "Belgrade"]
[Date "2023.07.19"]
[Round "4"]
[White "Petrovic, Aleksa"]
[Black "Stojkovic, Nenad"]
[Result "1-0"]
[WhiteElo "2311"]
[BlackElo "2037"]
[PlyCount "65"]
[EventDate "2023.07.16"]
[EventType "swiss"]
[EventRounds "9"]
[EventCountry "SRB"]
[SourceTitle "CBM 215 Extra"]
[Source "ChessBase"]
[SourceDate "2023.09.30"]
[SourceVersion "1"]
[SourceVersionDate "2023.09.30"]
[SourceQuality "1"]

1. Nf3 d5 2. c4 c6 3. e3 Nf6 4. Nc3 e6 5. b3 Nbd7 6. Qc2 Bd6 7. d4 Qe7 8. Be2 dxc4 9. bxc4 e5 10. 0-0 0-0 11. Bb2 Re8 12. a4 a5 13. c5 Bc7 14. Rae1 e4 15. Nd2 Nf8 16. Bd1 Ng6 17. f3 exf3 18. Nxf3 Ng4 19. e4 b6 20. h3 Nf6 21. cxb6 Bg3 22. e5 Nh5 23. Ne4 Bxe1 24. Nxe1 Nhf4 25. Nd6 Rd8 26. Bc1 Qg5 27. Kh2 Ba6 28. Rxf4 Nxf4 29. Qf2 Qe7 30. Bxf4 Rab8 31. Bb3 Rxb6 32. Bg5 Qxg5 33. Qxf7+ 1-0

[Event "Belgrade Serbia op"]
[Site "Belgrade"]
[Date "2023.07.17"]
[Round "2"]
[White "Stojkovic, Nenad"]
[Black "Stefan, Iulia Cristiana"]
[Result "1-0"]
[WhiteElo "2037"]
[BlackElo "1679"]
[PlyCount "77"]
[EventDate "2023.07.16"]
[EventType "swiss"]
[EventRounds "9"]
[EventCountry "SRB"]
[SourceTitle "CBM 215 Extra"]
[Source "ChessBase"]
[SourceDate "2023.09.30"]
[SourceVersion "1"]
[SourceVersionDate "2023.09.30"]
[SourceQuality "1"]

1. d4 d5 2. Nf3 Nf6 3. c4 e6 4. g3 h6 5. Bg2 Bd6 6. 0-0 0-0 7. Nc3 Nc6 8. a3 dxc4 9. Qa4 e5 10. d5 Ne7 11. Qxc4 Ng6 12. e4 b6 13. b4 a6 14. h3 Bb7 15. Be3 Rc8 16. Qd3 c6 17. Nd2 cxd5 18. exd5 Bc7 19. Rfd1 Ne8 20. Nc4 Nd6 21. Nxd6 Bxd6 22. Na4 b5 23. Nc5 Qe7 24. Rac1 Rfd8 25. h4 Nf8 26. Bh3 Rc7 27. Nxb7 Rxc1 28. Rxc1 Qxb7 29. Qe4 Nh7 30. Bg2 Rc8 31. Rc6 Rxc6 32. dxc6 Qc7 33. Qf5 Nf8 34. Bd5 Nh7 35. Qg6 Nf6 36. Bxh6 Bf8 37. Qxf7+ Qxf7 38. Bxf7+ Kxf7 39. c7 1-0

[Event "SRB-chT quality"]
[Site "Belgrade"]
[Date "2010.10.28"]
[Round "8"]
[White "Stanic, Aleksandar"]
[Black "Stojkovic, Nenad"]
[Result "1-0"]
[WhiteElo "2183"]
[BlackElo "2098"]
[PlyCount "76"]
[EventDate "2010.10.09"]
[EventType "team-tourn"]
[EventRounds "11"]
[EventCountry "YUG"]
[SourceTitle "EXT 2011"]
[Source "ChessBase"]
[SourceDate "2010.11.26"]
[SourceVersion "1"]
[SourceVersionDate "2010.11.26"]
[SourceQuality "1"]

1. d4 e6 2. Nf3 d5 3. Bg5 Be7 4. h4 h6 5. Bf4 c5 6. e3 Nc6 7. Nc3 Qb6 8. a3 Bf6 9. Nb5 Bd8 10. dxc5 Qxc5 11. Bd6 Qb6 12. b4 a6 13. Bc5 Qxc5 14. bxc5 axb5 15. Bxb5 Ba5+ 16. Kf1 Bd7 17. Rb1 Nge7 18. g4 g6 19. Rb3 0-0 20. Qa1 f5 21. Ne5 Bc8 22. Bxc6 bxc6 23. h5 g5 24. Ng6 Nxg6 25. hxg6 Bd8 26. Qe5 Ra7 27. Qh2 Bf6 28. Qxh6 fxg4 29. Kg2 Ba6 30. Qxf8+ Kxf8 31. Rb8+ Kg7 32. Rh7+ Kxg6 33. Rxa7 Be2 34. a4 Bf3+ 35. Kf1 g3 36. fxg3 d4 37. Rg8+ Kf5 38. Rf8 dxe3 1-0

[Event "SRB-chT quality"]
[Site "Belgrade"]
[Date "2010.10.10"]
[Round "2"]
[White "Stojkovic, Nenad"]
[Black "Stajcic, Vladimir"]
[Result "1-0"]
[WhiteElo "2098"]
[BlackElo "2059"]
[PlyCount "43"]
[EventDate "2010.10.09"]
[EventType "team-tourn"]
[EventRounds "11"]
[EventCountry "YUG"]
[SourceTitle "EXT 2011"]
[Source "ChessBase"]
[SourceDate "2010.11.26"]
[SourceVersion "1"]
[SourceVersionDate "2010.11.26"]
[SourceQuality "1"]

1. d4 Nf6 2. Bf4 b6 3. e3 Bb7 4. Bg3 g6 5. f4 d6 6. Nf3 Nbd7 7. Bc4 Bg7 8. 0-0 0-0 9. Nbd2 a6 10. a3 Ne4 11. Nxe4 Bxe4 12. Ng5 Bb7 13. f5 d5 14. fxg6 hxg6 15. Bd3 e5 16. Qg4 Bf6 17. Ne6 Qe7 18. Nxf8 Nxf8 19. Rxf6 Qxf6 20. Bxe5 Qe7 21. Rf1 Nd7 22. Bxg6 1-0